000 00845nam a2200217Ia 4500
999 _c164360
_d164360
003 LDD
005 20190626145542.0
008 190117s9999 xx 000 0 und d
020 _a9788170556763
_c₹195
040 _cLDD
041 _ahi
082 _223
_a8u1.09 गो6414रा
100 _aगोरखपुरी, फ़िरांक
_eलेखक
_96832
245 0 _aराग-राग/
_cफ़िरांक गोरखपुरी
260 _bवाणी प्रकाशन
_c2006
_aनई दिल्ली
300 _a184
650 _aउर्दू कविताये एवं शैली
_96833
901 _aVANI
904 _aReqst by : J M Parakh
942 _2ddc
_cH
_e23
_h8u1.09 गो6414रा